Name 15 NFL Teams By Player - Statistics

General Stats
  • This quiz has been taken 48 times
  • The average score is 9 of 15
Answer Stats
Hint Answer % Correct
Joe Montana 49ers
87%
Barry Sanders Lions
87%
Randy Moss Vikings
80%
Larry Allen Cowboys
77%
Brian Dawkins Eagles
73%
Tiki Barber Giants
63%
Len Dawson Cheifs
57%
Tim Brown Raiders
53%
Joe Greene Steelers
53%
Chris Johnson Titans
53%
John Carney Chargers
50%
Jordan Gross Panthers
43%
Wesley Walker Jets
33%
Rashean Mathis Jaguars
30%
Jack Youngblood Rams
30%
No matching quizzes found
Score Distribution
Percent of People with Each Score
Percentile by Number Answered
Your Score History
You have not taken this quiz